1535 1013 1315 1648 1094 1394 1252 1038 1711 1882 1679 1265 1198 1869 1387 1572 1035 1342 1520 1789 1987 1985 1631 1657 1833 1499 1892 1069 1603 1196 1876 1913 1353 1261 1244 1487 1233 1470 1494 1206 1664 1837 1470 1646 1845 1063 1611 1632 1229 1837 1944 1705 1795 1041 1300 1615 1954 1520 1357 1496 1008 1922 1534 1583 1446 1237 1744 1566 1116 1827 1856 1381 1893 1232 1067 1452 1286 1696 1928 1584 1699 1763 1764 1981 1937 1296 1249 1601 1579 1392 1560 1723 1219 1667 1697 1520 1072 1838 1612 BCNSPRNW ULIB Ver.6.0+V

เปลี่ยนเป็นภาษาไทย

Change to English
 แสดงรายละเอียดบรรณานุกรม
  กลับหน้าหลัก

Brief Record : Get Marc (ISO 2709) : E-mail record : QR code < ปิดหน้าต่าง
LEADER : 00000nam 2200000uu 4500
001    13399109696
003     ULIB
008    110408s2547||||th 000 0 tha d
020    9749139046
020    9789749139042
060 04 WW100^bร195 2547
245 00 รอบรู้เรื่องตา /^cโดย ทีมจักษุแพทย์ โรงพยาบาลจักษุ รัตนิน; บรรณาธิการ ประภาส เที่ยงธรรม
250    พิมพ์ครั้งที่ 1
260    กรุงเทพฯ :^bเรือนปัญญา,^c2547
300    207 หน้า :^bภาพประกอบ ;^c21 ซม.
650  7 จักษุวิทยา
650  7 ตา^xการดูแลและสุขวิทยา
700 0  ประภาส เที่ยงธรรม,^eบรรณาธิการ
710 2  โรงพยาบาลจักษุ รัตนิน
945    ^p195^l0^i017224
995    เกษร
999 ^a ใช้งานได้ทุกระบบ
รายการนี้ยังไม่มีแท็ก
คุณยังไม่ได้ล็อกอิน คุณสามารถมีกิจกรรมร่วมกับเว็บไซต์ได้ แต่ต้องล็อกอินก่อน ::
  ล็อกอิน

รายการสื่อสารสนเทศ

ลำดับที่ ประเภท เลขเรียก/บาร์โค้ด สถานที่ สถานะ
1. วิทยาศาสตร์การแพทย์ และสุขภาพ
วิทยาศาสตร์การแพทย์ และสุขภาพ
สถานะ=หนังสือเก่า
WW100 ร195 2547 ฉ.1 
  Barcode: 017224
ห้องสมุดวิทยาเขตสวรรค์ประชารักษ์
►ส่วนจัดเก็บหนังสือเก่า สปร
บนชั้น
  ขอยืม

รายการใกล้เคียง
    หัวเรื่อง [จักษุวิทยา]

BibComment


ยังไม่เคยถูกคอมเมนท์

คอมเมนท์ทรัพยากรรายการนี้
  คอมเมนท์: รอบรู้เรื่องตา โ..


 Copyright 2026. Bcnsprnw @Library